| 000 | 00404nam a2200145Ia 4500 | ||
|---|---|---|---|
| 008 | 230312s9999||||xx |||||||||||||| ||und|| | ||
| 020 | _a9781844807499 | ||
| 082 |
_a174.900 _bDUQ-E |
||
| 100 | _aStaley,Constance | ||
| 245 | 0 | _aFocus on community college success | |
| 260 |
_bCengage _aUK _c2008 |
||
| 300 | _a253 | ||
| 650 |
_aEngineering _vInformation technology Moral and ethical aspects |
||
| 942 | _cBK | ||
| 999 |
_c17793 _d17793 |
||